| 000 | 01564nam a2200361 c 4500 | ||
|---|---|---|---|
| 999 |
_c37157 _d37157 |
||
| 003 | BLK | ||
| 005 | 20250329160042.0 | ||
| 008 | 180408b bul|||||r ||||||| ||bul|| | ||
| 010 | _aKNG00040280000 | ||
| 040 | _aBLK | ||
| 041 |
_aBUL _cBUL |
||
| 080 |
_aМузика за духови инструменти _b788 _x(072) _z788(072) |
||
| 100 | 1 |
_aДиков, Борис Александрович _eпърви автор _9275342 |
|
| 139 |
_aДиков, Борис Александрович _bД 54 |
||
| 245 | 1 | 0 |
_aМетодика на обучението по духови инструменти _cБорис Александрович Диков; прев. от рус. Нечо Стоянов Русев. |
| 257 | _aSUN | ||
| 260 |
_aСофия _bНаука и изкуство _c1965 |
||
| 300 |
_a128 с. _bс ноти _c20 см |
||
| 380 | _a7 | ||
| 500 | _aБиблиогр. под линия. | ||
| 650 | 0 |
_aДухови музикални инструменти _9275013 |
|
| 650 | 4 |
_aМузикални инструменти _9275050 |
|
| 653 | _aметодика на преподаването | ||
| 653 | _aдухови музикални инструменти | ||
| 700 | 1 |
_aРусев, Нечо Стоянов _eпрев. от рус. _9275343 |
|
| 852 | _aЦб 35218 | ||
| 856 | 4 | _qpdf | |
| 856 | 4 | _qpdf | |
| 942 |
_cKNG _n0 _s1 _01 |
||
| 944 |
_aCR _c13.12.2011 _lГеновева Генчева _k30560 |
||
| 944 |
_aED _c08.04.2014 _l13.12.2011 - от С1,Р / 13.12.2011 |
||
| 999 | _d37157 | ||